[Event "Oberfranken-ch"]
[Site "Kronach"]
[Date "2023.11.03"]
[Round "3"]
[White "Bieberle, Jan"]
[Black "Schuelner, David"]
[Result "1-0"]
[WhiteElo "1859"]
[BlackElo "1280"]
[PlyCount "85"]
[EventDate "2023.11.02"]
[EventType "swiss"]
[EventRounds "7"]
[EventCountry "GER"]
[SourceTitle "CB46_2023"]
[SourceDate "2023.11.15"]
[SourceVersion "1"]
[SourceVersionDate "2023.11.15"]
[SourceQuality "1"]

1. e4 c6 2. d4 d5 3. e5 Bf5 4. Nd2 e6 5. Nb3 Nd7 6. Nf3 Rc8 7. c3 c5 8. dxc5 Bg4 9. Bf4 Bxc5 10. Nxc5 Nxc5 11. Bb5+ Nd7 12. 0-0 a6 13. Be2 Qc7 14. Qd4 Ne7 15. Rfe1 Ng6 16. Bg3 Bxf3 17. Bxf3 0-0 18. a4 Qc5 19. Qxc5 Nxc5 20. Be2 Rfd8 21. Red1 Nb3 22. Ra3 Na5 23. f4 d4 24. Rxd4 Rxd4 25. cxd4 Rc2 26. Bf3 Ne7 27. Be1 Nac6 28. Bc3 Nd5 29. Rb3 Nxc3 30. Rxc3 Nxd4 31. Rxc2 Nxc2 32. Bxb7 Nd4 33. a5 Nb3 34. Bxa6 Nxa5 35. Kf2 Kf8 36. Ke3 Ke7 37. b4 Nc6 38. b5 Nb8 39. Kd4 Nd7 40. Bb7 Kd8 41. Bc6 Kc7 42. Bxd7 Kxd7 43. Kc5 1-0

[Event "Oberfranken-ch"]
[Site "Kronach"]
[Date "2023.11.03"]
[Round "4"]
[White "Kowalczyk, Pawel"]
[Black "Bieberle, Jan"]
[Result "1-0"]
[WhiteElo "2360"]
[BlackElo "1859"]
[PlyCount "125"]
[EventDate "2023.11.02"]
[EventType "swiss"]
[EventRounds "7"]
[EventCountry "GER"]
[SourceTitle "CB46_2023"]
[SourceDate "2023.11.15"]
[SourceVersion "1"]
[SourceVersionDate "2023.11.15"]
[SourceQuality "1"]

1. c4 e6 2. Nc3 Nf6 3. Nf3 d5 4. e3 c5 5. cxd5 Nxd5 6. Be2 Be7 7. 0-0 0-0 8. d4 cxd4 9. Nxd5 Qxd5 10. Nxd4 Rd8 11. Bf3 Qc5 12. Qb3 Qb6 13. Qxb6 axb6 14. b3 Bf6 15. Bb2 Na6 16. Rfb1 Nc5 17. Nb5 Bxb2 18. Rxb2 Bd7 19. Nc3 Bc6 20. Be2 Kf8 21. Rd1 Rxd1+ 22. Nxd1 b5 23. b4 Ne4 24. f3 Nd6 25. Nc3 Nc4 26. Bxc4 bxc4 27. b5 Bd7 28. Rb4 Rc8 29. Kf2 e5 30. Rb2 Be6 31. Ke1 b6 32. Rd2 Ke7 33. Kd1 Rc5 34. Kc2 f5 35. Kb2 g5 36. Ka3 e4 37. fxe4 fxe4 38. Kb4 Rf5 39. Nxe4 Re5 40. Rd4 Bd5 41. Nc3 Bxg2 42. e4 h5 43. Rxc4 h4 44. Rc7+ Kd8 45. Rc6 Bxe4 46. Rxb6 g4 47. Rb8+ Kc7 48. Rg8 Bf3 49. a4 Rh5 50. a5 g3 51. b6+ Kd7 52. h3 Bb7 53. Rg7+ Kc8 54. Nb5 Rh6 55. Na7+ Kd8 56. Rxb7 Rg6 57. Nc6+ Rxc6 58. Rg7 Kc8 59. Kb5 Rc1 60. Rg8+ Kd7 61. b7 Rb1+ 62. Ka6 Kc7 63. Rc8+ 1-0

[Event "Oberfranken-ch"]
[Site "Kronach"]
[Date "2023.11.02"]
[Round "1"]
[White "Bieberle, Jan"]
[Black "Trinkwalter, Jan"]
[Result "1-0"]
[WhiteElo "1859"]
[BlackElo "1705"]
[PlyCount "79"]
[EventDate "2023.11.02"]
[EventType "swiss"]
[EventRounds "7"]
[EventCountry "GER"]
[SourceTitle "CB46_2023"]
[SourceDate "2023.11.15"]
[SourceVersion "1"]
[SourceVersionDate "2023.11.15"]
[SourceQuality "1"]

1. e4 c5 2. Nf3 d6 3. Bb5+ Bd7 4. Bxd7+ Qxd7 5. c4 Nc6 6. Nc3 e6 7. d4 cxd4 8. Nxd4 a6 9. 0-0 Be7 10. Be3 Bf6 11. Qd2 Ne5 12. b3 h6 13. Nde2 Ne7 14. Rad1 0-0-0 15. Bb6 Rdg8 16. Qxd6 Qxd6 17. Rxd6 g5 18. Rfd1 N7c6 19. R6d2 g4 20. Nd4 Nd7 21. Nxc6 Nxb6 22. Nd4 h5 23. Nde2 Rd8 24. Kf1 Rxd2 25. Rxd2 Be5 26. h3 Nd7 27. h4 Rf8 28. g3 f5 29. exf5 Rxf5 30. Ne4 Kc7 31. Nd4 Bxd4 32. Rxd4 Ne5 33. Rd6 Nf3 34. Rxe6 Kd7 35. Rd6+ Kc7 36. Rd5 Rf7 37. Nd2 Rd7 38. Rxd7+ Kxd7 39. Nxf3 gxf3 40. Ke1 1-0

[Event "Bamberg op-A 5th"]
[Site "Bamberg"]
[Date "2023.07.27"]
[Round "2"]
[White "Bieberle, Jan"]
[Black "Albert, Markus1111"]
[Result "0-1"]
[WhiteElo "1794"]
[BlackElo "2256"]
[PlyCount "74"]
[EventDate "2023.07.26"]
[EventType "swiss"]
[EventRounds "7"]
[EventCountry "GER"]
[SourceTitle "CBM 215 Extra"]
[Source "ChessBase"]
[SourceDate "2023.09.30"]
[SourceVersion "1"]
[SourceVersionDate "2023.09.30"]
[SourceQuality "1"]

1. e4 d5 2. exd5 Nf6 3. Nf3 Nxd5 4. d4 Bf5 5. Bd3 Bxd3 6. Qxd3 c6 7. 0-0 e6 8. c4 Nf6 9. Nc3 Be7 10. Bf4 0-0 11. Rad1 Nbd7 12. Rfe1 Re8 13. Ng5 Qa5 14. Re3 Rad8 15. Qe2 Nf8 16. Nge4 Ng6 17. Bg3 Nxe4 18. Rxe4 Rd7 19. h4 Red8 20. h5 Nf8 21. d5 cxd5 22. cxd5 Bf6 23. dxe6 Rxd1+ 24. Nxd1 Nxe6 25. Nc3 Bxc3 26. bxc3 Qxc3 27. h6 Qc1+ 28. Kh2 Qxh6+ 29. Rh4 Qc1 30. Qe4 h6 31. Qxb7 Rd1 32. Qa8+ Kh7 33. Qe4+ g6 34. Be5 Re1 35. Qd5 Rh1+ 36. Kg3 Rxh4 37. Kxh4 Qg5+ 0-1

[Event "Mittelfrank Regionalliga Nord-West 2223"]
[Site "Mittelfranken"]
[Date "2023.03.19"]
[Round "8.6"]
[White "Saring, Christoph"]
[Black "Bieberle, Jan"]
[Result "1-0"]
[WhiteElo "1966"]
[BlackElo "2041"]
[PlyCount "67"]
[EventDate "2022.10.09"]
[EventType "team-tourn"]
[EventRounds "9"]
[EventCountry "GER"]
[SourceTitle "EXT 2024"]
[Source "ChessBase"]
[SourceDate "2023.10.10"]
[SourceVersion "1"]
[SourceVersionDate "2023.10.10"]
[SourceQuality "1"]
[WhiteTeam "Bamberg II"]
[BlackTeam "Hoechstadt/Aisch"]
[WhiteTeamCountry "GER"]
[BlackTeamCountry "GER"]

1. d4 Nf6 2. c4 g6 3. Nc3 Bg7 4. e4 d6 5. Be2 0-0 6. Be3 e5 7. d5 Nbd7 8. Qd2 Nc5 9. f3 a5 10. g4 Nfd7 11. h4 f5 12. gxf5 gxf5 13. exf5 Rxf5 14. h5 Bf6 15. 0-0-0 Bg5 16. Nh3 Bxe3 17. Qxe3 Nf6 18. Rdg1+ Kh8 19. Ng5 Qe7 20. Nb5 Bd7 21. Bd3 Rf4 22. Nc3 Rg8 23. Nge4 Rxg1+ 24. Rxg1 Ncxe4 25. Nxe4 Bf5 26. h6 Nxe4 27. Rg7 Qh4 28. Qg1 Rg4 29. Rxg4 Qxh6+ 30. Kb1 Bxg4 31. Qxg4 Nf6 32. Qc8+ Ng8 33. Qxc7 Qd2 34. Qxh7# 1-0

[Event "Oberfranken-ch"]
[Site "Kronach"]
[Date "2023.02.23"]
[Round "2"]
[White "Bieberle, Jan"]
[Black "Becker, Tobias"]
[Result "0-1"]
[WhiteElo "1800"]
[BlackElo "1963"]
[PlyCount "74"]
[EventDate "2023.02.23"]
[EventType "swiss"]
[EventRounds "7"]
[EventCountry "GER"]
[SourceTitle "CBM 213 Extra"]
[Source "ChessBase"]
[SourceDate "2023.05.31"]
[SourceVersion "1"]
[SourceVersionDate "2023.05.31"]
[SourceQuality "1"]

1. e4 e5 2. Nf3 Nc6 3. Bc4 Nf6 4. Ng5 d5 5. exd5 Na5 6. Bb5+ c6 7. dxc6 bxc6 8. Bd3 Nd5 9. Nf3 Bd6 10. 0-0 0-0 11. Re1 f5 12. Nxe5 Qf6 13. Nf3 g5 14. c4 Nf4 15. Bf1 g4 16. d4 gxf3 17. Qxf3 Ng6 18. Qc3 Nb7 19. c5 Bc7 20. Nd2 Nd8 21. Nf3 Nf7 22. Bc4 f4 23. Ne5 Kg7 24. Nxf7 Rxf7 25. Bxf7 Kxf7 26. f3 Be6 27. b3 Rg8 28. Re2 Nh4 29. Kh1 Bd5 30. Bd2 Qg6 31. Rf2 Qh5 32. Raf1 Nf5 33. Kg1 Rg6 34. Re1 Nh4 35. Kf1 Nxg2 36. Rd1 Qh3 37. Ke2 Re6+ 0-1

[Event "Regionalliga Nord-West 1819"]
[Site "Bayern"]
[Date "2019.04.07"]
[Round "9.8"]
[White "Bauer, Ottmar"]
[Black "Bieberle, Jan"]
[Result "0-1"]
[WhiteElo "1751"]
[BlackElo "1517"]
[PlyCount "118"]
[EventDate "2018.10.21"]
[EventType "team-tourn"]
[EventRounds "9"]
[EventCountry "GER"]
[SourceTitle "EXT 2022"]
[Source "ChessBase"]
[SourceDate "2021.10.06"]
[SourceVersion "1"]
[SourceVersionDate "2021.10.06"]
[SourceQuality "1"]
[WhiteTeam "Rottendorf"]
[BlackTeam "Hoechstadt/Aisch"]
[WhiteTeamCountry "GER"]
[BlackTeamCountry "GER"]

1. e4 e5 2. Nf3 Nc6 3. Bb5 g6 4. 0-0 Nge7 5. d4 exd4 6. Nxd4 Bg7 7. c3 0-0 8. Be3 a6 9. Bc4 d6 10. Nd2 Ne5 11. Be2 f5 12. f4 Nf7 13. Qb3 Qd7 14. Bf3 fxe4 15. Nxe4 Nf5 16. Ng5 Nxe3 17. Rfe1 Bxd4 18. cxd4 Nf5 19. Rad1 c6 20. d5 c5 21. Ne6 Re8 22. Qc3 Nd4 23. Bg4 Qa4 24. a3 Bxe6 25. dxe6 Nh6 26. Bf3 Nxf3+ 27. Qxf3 Qc6 28. Qh3 Nf5 29. Qb3 Re7 30. Rd5 Nd4 31. Qa2 Rae8 32. Rg5 Kh8 33. Qb1 Rxe6 34. Rf1 Qe4 35. b4 Qxb1 36. Rxb1 Re1+ 37. Rxe1 Rxe1+ 38. Kf2 Re2+ 39. Kf1 Re6 40. bxc5 Nf5 41. g4 Ne3+ 42. Kg1 h6 43. f5 gxf5 44. gxf5 hxg5 45. fxe6 Nf5 46. e7 Nxe7 47. cxd6 Nc6 48. a4 Kg7 49. Kf2 Kf6 50. Ke3 Ke5 51. d7 g4 52. a5 Nd8 53. Kf2 Kf4 54. Ke2 Nc6 55. Kf2 Ke5 56. Kg3 Kf5 57. Kf2 Ke6 58. Kg3 Kxd7 59. Kxg4 Ke7 0-1

[Event "Landesliga U20 Nord 1718"]
[Site "Bayern"]
[Date "2018.01.27"]
[Round "5.4"]
[White "Sargsyan, Arusyak"]
[Black "Bieberle, Jan"]
[Result "0-1"]
[WhiteElo "1191"]
[BlackElo "1326"]
[PlyCount "66"]
[EventDate "2017.11.18"]
[EventType "team-tourn"]
[EventRounds "7"]
[EventCountry "GER"]
[SourceTitle "EXT 2022"]
[Source "ChessBase"]
[SourceDate "2021.10.06"]
[SourceVersion "1"]
[SourceVersionDate "2021.10.06"]
[SourceQuality "1"]
[WhiteTeam "Nuernberg Sued SW U20"]
[BlackTeam "Hoechstadt SC U20"]
[WhiteTeamCountry "GER"]
[BlackTeamCountry "GER"]

1. e4 g6 2. Nf3 Bg7 3. d3 e6 4. Bf4 Ne7 5. c3 0-0 6. Nbd2 c6 7. g3 d5 8. Qe2 f5 9. e5 Qb6 10. Rb1 Na6 11. d4 c5 12. Qb5 Qxb5 13. Bxb5 b6 14. 0-0 Nc7 15. Ba4 b5 16. Bc2 c4 17. b3 Bd7 18. bxc4 dxc4 19. Rbc1 Ned5 20. Bb1 Nxf4 21. gxf4 Nd5 22. Rfe1 Nxf4 23. Bc2 Bh6 24. Ra1 g5 25. Red1 g4 26. Ne1 Ne2+ 27. Kf1 Nxc3 28. Nb1 Nxd1 29. Bxd1 Bc1 30. a4 Bb2 31. Ra2 Bxd4 32. Kg2 Bc6+ 33. Kf1 Bxe5 0-1